[Event "3rd Sharjah Masters 2019"]
[Site "Sharjah"]
[Date "2019.03.23"]
[Round "2.9"]
[White "Sundararajan, Kidambi"]
[Black "Sjugirov, Sanan"]
[Result "1/2-1/2"]
[WhiteElo "2413"]
[BlackElo "2667"]
[Annotator "TA"]
[PlyCount "70"]
[EventDate "2019.03.22"]
[EventType "swiss"]
[EventCountry "UAE"]
[SourceTitle "playchess.com"]
[Source "ChessBase"]
[SourceQuality "1"]

{[%evp 15,70,27,70,12,13,10,0,-22,-12,-22,-22,-22,-16,-22,-21,-18,-15,-25,-22,-22,-16,-45,-59,-78,-67,-61,-69,-56,-72,-72,-58,-59,-72,-77,-46,-84,0,0,0,0,0,0,0,0,0,0,0,0,0,0,0,0,0,0,0,0,0]} 1. d4 Nf6 2. c4 g6 3. Nf3 Bg7 4. Nc3 O-O 5. e4 d6 6. Be2 Na6 7. O-O e5 8. Be3 c6 9. h3 {E94: King's Indian: Classical: 6 Be2 e5 7 0-0: Various Black 7th moves} (9. d5 $14) (9. d5 Ng4 10. Bg5 f6 11. Bh4 c5 12. Ne1 Nh6 13. Nc2 Nf7 14. a3 b6 15. b4 Bd7 16. Rb1 Bh6 17. Bg4 Bg5 18. Bxd7 Qxd7 19. Bxg5 fxg5 20. Ne3 {1-0 (52) Korobov,A (2698)-Demchenko,A (2679) St Petersburg 2018}) 9... exd4 $11 10. Bxd4 Re8 11. Qc2 Nb4 12. Qd2 $146 ({Predecessor:} 12. Qb1 d5 13. cxd5 cxd5 14. Bb5 dxe4 15. Bxf6 Bxf6 16. Nxe4 Nc6 {1-0 (29) Jelen,I (2430)-Jovanic,O (2285) Pula 1998}) 12... Nxe4 13. Nxe4 Rxe4 14. Bxg7 Kxg7 15. Qxb4 {[#] Black must now prevent Rfe1.} Rxe2 16. Rfe1 Rxe1+ 17. Rxe1 Qf6 18. Re8 b6 19. Qa3 {[#]} c5 $1 20. Nh2 $1 h5 21. Nf1 a5 22. Qe3 Bb7 {aiming for ...Rxe8.} 23. Rxa8 $1 Bxa8 24. Qe8 Bb7 25. Qb8 Qe7 (25... a4 $17 26. Qxb7 Qxb2) 26. Ne3 {The position is equal.} f5 27. Qa7 Kh6 28. Qxb6 f4 29. Nd5 Bxd5 30. cxd5 {[%mdl 4096] Endgame KQ-KQ} Qe1+ 31. Kh2 Qxf2 {( -> ...f3)} 32. Qxd6 Qg3+ 33. Kh1 Qe1+ 34. Kh2 Qg3+ 35. Kh1 Qe1+ {Accuracy: White = 67%, Black = 90%.} 1/2-1/2

[Event "3rd Sharjah Masters 2019"]
[Site "Sharjah"]
[Date "2019.03.23"]
[Round "2.10"]
[White "Nitin, S.."]
[Black "Firouzja, Alireza"]
[Result "1/2-1/2"]
[WhiteElo "2408"]
[BlackElo "2657"]
[Annotator "TA"]
[PlyCount "65"]
[EventDate "2019.03.22"]
[EventType "swiss"]
[EventCountry "UAE"]
[SourceTitle "playchess.com"]
[Source "ChessBase"]
[SourceQuality "1"]

{[%evp 10,65,20,0,8,0,0,0,-15,-6,45,48,71,75,59,52,67,58,70,60,87,90,112,104,96,33,16,25,18,27,15,30,32,19,61,52,48,39,42,38,147,145,141,132,139,139,192,139,143,88,133,151,133,0,131,0,138,0]} 1. e4 c6 2. d4 d5 3. e5 Bf5 4. Be3 e6 5. Nd2 Nd7 6. c3 f6 {B12: Caro-Kann: Advance Variation} (6... c5 7. dxc5 Bxc5 8. Bxc5 Nxc5 9. Nb3 Qb6 10. Qd4 Rc8 11. Nf3 Ne7 12. Nxc5 Rxc5 13. b4 Rc8 14. Qxb6 axb6 {½-½ (33) Sosa,T (2499)-Howell,D (2685) Caleta 2019}) 7. f4 Qb6 8. Qb3 g5 {The position is equal.} 9. Ngf3 g4 (9... gxf4 $11 10. Bxf4 Bh6 11. Bxh6 Nxh6) 10. Nh4 $14 Nh6 $146 ({Predecessor:} 10... Bh6 11. Nxf5 exf5 12. e6 Nf8 13. Qc2 Ne7 14. Bd3 Nxe6 15. g3 Kf7 {1-0 (23) Yudasin,L (2550)-Kujovic,M (2366) Parsippany 2005}) 11. Be2 Be7 12. g3 Rg8 13. Ng2 c5 14. exf6 cxd4 15. Bxd4 Qxb3 16. axb3 Bxf6 17. Ne3 ({Much weaker is} 17. Bxa7 d4 $11) (17. Bf2 $16) 17... Bxd4 18. cxd4 Ke7 19. Kf2 Nf6 20. Rhc1 Kd6 21. b4 $36 {[%mdl 2048] White fights for an advantage.} Ne4+ 22. Nxe4+ Bxe4 23. Ra3 Rg7 24. b5 Rgg8 {[#]} (24... Nf5 $14) 25. b6 $1 $16 axb6 26. Rb3 Ke7 27. Rxb6 Kf6 (27... Ra4 $16 {is a better defense.} 28. Rxb7+ Kf6) 28. Rxb7 (28. Rc5 $18) 28... Ra4 29. Rd1 (29. Rb6 $142) 29... Bf5 30. Rb6 Be4 31. Rb7 Bf5 $1 32. Rb6 {aiming for Nxd5+.} Be4 33. Rb7 {Accuracy: White = 51%, Black = 48%.} (33. Rd2 $16) 1/2-1/2

[Event "3rd Sharjah Masters 2019"]
[Site "Sharjah"]
[Date "2019.03.23"]
[Round "2.11"]
[White "Iturrizaga Bonelli, Eduardo"]
[Black "Akash G"]
[Result "1-0"]
[WhiteElo "2639"]
[BlackElo "2411"]
[Annotator "TA"]
[PlyCount "85"]
[EventDate "2019.03.22"]
[EventType "swiss"]
[EventCountry "UAE"]
[SourceTitle "playchess.com"]
[Source "ChessBase"]
[SourceQuality "1"]

{[%evp 12,85,0,0,0,0,0,0,0,0,16,2,4,0,0,-22,10,0,22,29,50,44,43,49,42,43,67,57,71,56,59,69,86,83,75,52,80,74,70,71,91,72,72,73,95,94,104,103,101,103,114,110,147,106,144,131,178,178,201,209,434,434,806,820,756,749,663,289,572,569,902,885,29994,29995,29997,29998]} 1. c4 e5 2. Nc3 Nf6 3. Nf3 Nc6 4. e3 Bb4 5. Qc2 Bxc3 6. Qxc3 Qe7 7. Be2 d5 {A28: English Opening: Four Knights Variation} (7... O-O 8. d4 exd4 9. Nxd4 Ne4 10. Qd3 Nxd4 11. Qxd4 b6 12. f3 Nc5 13. h4 Bb7 14. Bd2 f5 15. h5 h6 {0-1 (51) Jumabayev,R (2604)-Vitiugov,N (2720) Caleta 2019}) 8. d4 exd4 9. Nxd4 Nxd4 {The position is equal.} 10. Qxd4 c5 11. Qh4 Be6 12. b3 dxc4 13. bxc4 $146 ({Predecessor:} 13. Bxc4 Nd7 14. Qe4 Bxc4 15. Qxc4 {0-1 (65) Stocek,J (2581)-Van Foreest,J (2609) Heraklio 2017}) 13... Nd7 14. Qe4 Qf6 15. Rb1 O-O 16. Rxb7 Rab8 {[#] ...Qc3+ is the strong threat.} 17. O-O ({Don't blunder} 17. Rxa7 $2 Qc3+ 18. Bd2 Qa1+ 19. Bd1 Rb1 $19) 17... Bf5 18. Qd5 Be6 19. Qc6 $1 Ne5 20. Qb5 Rxb7 21. Qxb7 Bxc4 22. Bxc4 Nxc4 23. Qxa7 Qd6 24. Qa4 Qd3 25. Qb5 Qc2 26. a4 {aiming for a5.} Ra8 27. Qxc5 Qxa4 28. e4 Re8 29. f3 h6 30. Bf4 Rd8 31. h4 Nb2 32. Kh2 Qc4 33. Qe7 Ra8 34. Rc1 Qb3 {next ...Nd3 is good for Black.} 35. Rc7 {Threatens to win with Rb7.} Nd1 $2 (35... Nd3) 36. Qd7 $18 Nb2 (36... Nf2 $142 37. Qd4 Nd3) 37. Rb7 Qa2 38. Bb8 Na4 39. Qc6 (39. Qc8+ $142 Kh7 40. Re7 Rxb8 41. Qxb8) 39... Kh7 $2 (39... Qa3 40. Qd5 Qf8) 40. Be5 Ra5 41. Qe8 Kg6 {[#]} 42. h5+ $1 {[%mdl 512]} Kh7 (42... Kxh5 43. Rxf7) 43. Rb8 {Accuracy: White = 73%, Black = 30%.} 1-0

[Event "3rd Sharjah Masters 2019"]
[Site "Sharjah"]
[Date "2019.03.23"]
[Round "2.12"]
[White "Tissir, Mohamed"]
[Black "Ganguly, Surya Shekhar"]
[Result "0-1"]
[WhiteElo "2386"]
[BlackElo "2633"]
[Annotator "TA"]
[PlyCount "76"]
[EventDate "2019.03.22"]
[EventType "swiss"]
[EventCountry "UAE"]
[SourceTitle "playchess.com"]
[Source "ChessBase"]
[SourceQuality "1"]

{[%evp 20,76,16,4,4,0,19,0,7,0,-4,-17,-22,-22,-17,-27,-37,-16,-28,-37,-16,-24,-22,-14,-24,-84,-7,-191,-116,-114,-61,-51,0,-217,-208,-357,-352,-361,-343,-353,-341,-471,-472,-634,-634,-632,-634,-634,-634,-613,-609,-923,-541,-760,-619,-608,-593,-941,-466]} 1. e4 c5 2. Nf3 e6 3. d4 cxd4 4. Nxd4 Nc6 5. Nc3 Qc7 6. f4 a6 7. Nb3 {B47: Sicilian: Taimanov: 5 Nc3 Qc7 6 f4, 6 g3 and 6 Be2} (7. a3 b5 8. Be3 Bb7 9. Nb3 Na5 10. Nxa5 Qxa5 11. Bd3 Qc7 12. O-O Nf6 13. Qe2 Bc5 14. Bxc5 Qxc5+ 15. Kh1 d5 16. e5 {½-½ (41) Nakamura,H (2780)-Harikrishna,P (2738) Palma de Mallorca 2017}) 7... b5 8. Bd3 Bb7 9. O-O d6 10. Qe2 Nf6 11. Bd2 {LiveBook: 5 Games} g6 12. a4 $146 ({Predecessor:} 12. e5 dxe5 13. fxe5 Nd7 14. Bf4 Ncxe5 15. Be4 Bxe4 16. Qxe4 Qc6 17. a4 {0-1 (33) Tissir,M (2381)-Erigaisi,A (2481) Dubai 2018}) 12... b4 13. Na2 Bg7 14. Kh1 a5 15. c3 {[%cal Rc3b4]} O-O 16. cxb4 axb4 17. Nxb4 Nxb4 18. Bxb4 Qb6 19. Bb5 Nxe4 20. a5 Qa7 {next ...Rfb8 is good for Black.} 21. Bd3 f5 22. Rac1 (22. Nd2 $11 {keeps the balance.}) 22... Rfc8 ({Black should try} 22... Bd5 $17 {Strongly threatening ...Rfb8.} 23. Nd2 Rfb8 24. Bxe4 fxe4 25. Bxd6 Rxb2) 23. Rcd1 $2 {[#]} (23. Rxc8+ $1 $11 Rxc8 24. Nd2) 23... Rab8 (23... Bd5 $19 24. Nd2 Qb7 25. Bxe4 fxe4) 24. Ba3 $17 Bd5 (24... d5 $17 {Hoping for ...Bc6.} 25. a6 Bc6) 25. Nd2 $15 {[%cal Rd2e4]} Bxb2 (25... Nc5 $15 26. Bc4 Qxa5 27. Bxd5 exd5 28. Bxc5 dxc5 29. Qe6+ Kh8) 26. Nxe4 $2 (26. Bxe4 $11 {and White stays safe.} Bxa3 27. Bxd5 exd5 28. Nf3) 26... fxe4 $19 ({Not} 26... Bxa3 27. Nf6+ Kg7 28. Nxd5 $11) 27. Bxb2 (27. Bxe4 {was necessary.} Bxa3 28. Bxd5 exd5 29. f5) 27... exd3 28. Rxd3 Bc4 (28... Qxa5 $2 29. Rd2 $17) 29. Rc1 Qa6 30. Ba1 Re8 {Black is clearly winning.} 31. Rxc4 Rb1+ 32. Rd1 Qxc4 33. Qe1 Rxd1 34. Qxd1 Rc8 35. Bb2 Qc2 {[%cal Rc2d1] [#]} 36. Qe1 Kf7 37. Bd4 Qc1 38. Qg1 Qd2 {Precision: White = 32%, Black = 54%.} (38... Qa3 $142 39. Be3 Qxa5) 0-1

[Event "3rd Sharjah Masters 2019"]
[Site "Sharjah"]
[Date "2019.03.23"]
[Round "2.13"]
[White "Adly, Ahmed"]
[Black "Zou, Chen"]
[Result "1/2-1/2"]
[WhiteElo "2611"]
[BlackElo "2397"]
[Annotator "TA"]
[PlyCount "138"]
[EventDate "2019.03.22"]
[EventType "swiss"]
[EventCountry "UAE"]
[SourceTitle "playchess.com"]
[Source "ChessBase"]
[SourceQuality "1"]

{[%evp 11,138,-9,15,15,24,15,29,0,0,0,8,0,0,0,0,0,8,10,6,-8,12,10,38,32,28,10,8,18,27,24,27,5,18,-69,-54,-48,-45,-67,-75,-56,-57,-51,-8,-10,-10,-12,8,0,0,0,0,0,0,0,0,0,0,0,0,0,0,0,0,0,13,11,15,15,14,10,14,1,8,0,12,12,11,10,18,9,9,8,8,0,8,1,8,8,8,9,8,2,21,0,1,0,0,0,0,0,0,0,6,0,222,0,0,0,0,0,0,0,0,0,0,0,0,0,0,0,0,0,0,0,0,0,0,0,0]} 1. Nf3 Nf6 2. g3 d5 3. Bg2 e6 4. O-O Be7 5. d3 O-O 6. Nbd2 Nc6 7. e4 {A07: Réti Opening: New York and Capablanca Systems} dxe4 8. dxe4 e5 9. b3 {White has an edge.} Bc5 10. Bb2 Qe7 11. a3 Rd8 $146 ({Predecessor:} 11... a5 12. c3 b6 13. b4 Bd6 14. Nc4 Rd8 {½-½ (76) Maghsoodloo,P (2566)-Hammer,J (2651) Baku 2016}) 12. b4 Bb6 13. Qe2 Nd4 14. Nxd4 Bxd4 15. c3 Bg4 16. Bf3 Bb6 {aiming for ...Rxd2.} 17. Bxg4 Nxg4 18. Kg2 Qe6 19. Nf3 c6 20. Ng5 Qc8 21. h3 Nf6 22. f4 (22. Rfd1 $11) 22... exf4 $15 23. Rxf4 Qd7 24. Nf3 Qd3 25. Re1 Qxe2+ (25... Nh5 {with more complications.} 26. Rg4 g6 27. e5 Ng7 28. Nd4 Qxe2+ 29. Rxe2 a5) 26. Rxe2 Bc7 27. e5 Nd7 28. c4 f6 29. h4 Nxe5 30. Bxe5 Bxe5 31. Nxe5 {Strongly threatening Nf3.} Re8 {[%mdl 64] [#] Pin} 32. Rd4 Re7 {[%mdl 64] Pin} 33. Rd7 Rae8 $1 34. Rxe7 (34. Red2 {looks sharper.} fxe5 35. Kf3 e4+ 36. Ke3 h5 37. Rxe7 Rxe7 38. Rd6) 34... Rxe7 {[%mdl 64] Pin} 35. Kf3 {Threatens to win with Nd3.} fxe5 $11 {[%mdl 4096] Endgame KR-KR} 36. Ke4 Kf7 37. Rf2+ Ke6 38. Rf5 Rd7 {...Rd4+ is the strong threat.} 39. Rxe5+ Kf7 40. Rf5+ Ke7 41. a4 Rd2 42. Re5+ Kf7 43. Ra5 a6 $1 44. b5 cxb5 45. axb5 axb5 46. Rxb5 Rd7 47. Rb6 Re7+ 48. Kd5 Rd7+ 49. Kc5 Rc7+ 50. Kb4 Ke7 51. h5 Kf7 52. c5 Rd7 53. Kc4 Ke7 54. g4 Kd8 55. g5 Kc8 56. Re6 Rf7 57. Re8+ Kc7 $2 {[#]} (57... Kd7 $1 $11 {and Black is okay.} 58. Rh8 Rf5) 58. Rh8 $2 (58. Kb5 $1 $18) 58... Rf5 {The position is equal.} 59. Rxh7 Rxg5 60. h6 Kc6 $1 61. hxg7 {Hoping for Kd4.} Rg4+ 62. Kd3 Kxc5 63. Ke3 Kd5 64. Kf3 Rg1 65. Kf2 Rg6 66. Rh5+ (66. g8=Q+ $5 Rxg8 67. Rxb7 $11) 66... Ke4 67. Rh7 Kf5 68. g8=Q Rxg8 69. Rxb7 Ke5 {Accuracy: White = 49%, Black = 71%.} 1/2-1/2

[Event "3rd Sharjah Masters 2019"]
[Site "Sharjah"]
[Date "2019.03.23"]
[Round "2.14"]
[White "Saurabh Anand"]
[Black "Zubov, Alexander"]
[Result "0-1"]
[WhiteElo "2385"]
[BlackElo "2605"]
[Annotator "TA"]
[PlyCount "55"]
[EventDate "2019.03.22"]
[EventType "swiss"]
[EventCountry "UAE"]
[SourceTitle "playchess.com"]
[Source "ChessBase"]
[SourceQuality "1"]

{[%evp 13,55,0,25,29,27,18,22,23,30,18,24,0,22,0,0,-15,-20,-18,-27,-83,-72,-69,-62,-79,-81,-98,-54,-115,-87,-104,-74,-69,-75,-268,-243,-433,-434,-423,-404,-1224,-1225,-29986,-29987,-29989]} 1. e4 c5 2. Nf3 d6 3. d4 cxd4 4. Nxd4 Nf6 5. Nc3 a6 6. Be2 e5 7. Nf3 h6 8. Be3 {B92: Sicilian Najdorf: 6 Be2} (8. Nd2 b5 9. a4 b4 10. Nd5 Nxd5 11. exd5 a5 12. Bb5+ Nd7 13. Nc4 Be7 14. Qg4 g6 15. Qe2 h5 {1-0 (50) Hovhannisyan,R (2637)-Andriasian,Z (2604) Yerevan 2019}) 8... Be6 9. O-O Nbd7 10. a4 {The position is equal.} Ng4 11. Bc1 Ngf6 {[%cal Bg4f6,Bf6e4,Be4c5,Bc5e4][%mdl 32]} 12. Be3 Rc8 13. h3 Be7 14. Re1 Rxc3 $146 ({Predecessor:} 14... O-O 15. a5 Re8 16. Nd2 Rc6 17. Bf3 Qc7 18. Nb3 Rc8 19. Re2 {0-1 (45) Krstic,A (1811)-Zivkovic,N (2301) Nis 2014}) 15. bxc3 Nxe4 16. Qd3 (16. c4 $11) 16... Ndc5 17. Bxc5 Nxc5 18. Qe3 O-O {[%mdl 1024] Black has strong compensation.} 19. a5 Qc7 20. Reb1 (20. c4 $15) 20... Bd5 21. Bf1 Ne4 22. c4 Bc6 23. g3 $2 {[#]} (23. Bd3 $17 {is a better defense.} Nc5 24. Bf5) 23... d5 $1 $19 24. Qb6 $2 {[#]} (24. cxd5 Bxd5 25. Qd3) 24... Qc8 $1 25. Nxe5 Bc5 {[%mdl 64] Double Attack} 26. Qb3 (26. Nxc6 $142 bxc6 27. Qb3) 26... Qf5 27. Nd3 Bxf2+ 28. Kg2 {Accuracy: White = 22%, Black = 66%.} 0-1

[Event "3rd Sharjah Masters 2019"]
[Site "Sharjah"]
[Date "2019.03.23"]
[Round "2.15"]
[White "Idani, Pouya"]
[Black "Zaibi, Amir"]
[Result "1-0"]
[WhiteElo "2604"]
[BlackElo "2386"]
[Annotator "TA"]
[PlyCount "75"]
[EventDate "2019.03.22"]
[EventType "swiss"]
[EventCountry "UAE"]
[SourceTitle "playchess.com"]
[Source "ChessBase"]
[SourceQuality "1"]

{[%evp 18,75,41,15,45,9,20,24,8,11,23,21,49,36,39,15,11,44,42,14,32,33,40,15,13,19,52,41,96,95,111,101,291,281,537,480,522,531,575,510,452,434,513,516,564,561,568,507,4898,2553,29986,29987,29987,29988,29992,29993,29993,29990,29990,29991]} 1. e4 c5 2. Nf3 e6 3. d4 cxd4 4. Nxd4 Nc6 5. Nc3 Qc7 6. Be3 a6 7. a3 Nf6 8. f4 d5 {B48: Sicilian: Taimanov: 5 Nc3 Qc7 6 Be3 a6 without Be2} (8... d6 9. Qf3 Be7 10. Nxc6 bxc6 11. g4 Rb8 12. g5 Nd7 13. b3 d5 14. Bg2 h6 15. h4 hxg5 16. hxg5 Rxh1+ 17. Bxh1 Qa5 {1-0 (42) Sjugirov,S (2663)-Morozevich,A (2656) Khanty-Mansiysk 2018}) 9. e5 Nd7 10. Qd2 {LiveBook: 8 Games} b5 {The position is equal.} 11. Qf2 Nxd4 12. Bxd4 Bc5 $146 ({Predecessor:} 12... g6 13. Be2 Bg7 14. O-O O-O 15. Bd3 Bb7 16. Ne2 Rac8 17. c3 Nc5 18. Bc2 {1-0 (43) Kalepky,H-Beherzig,R Griesheim 2002}) 13. Bd3 O-O 14. O-O f6 15. exf6 Rxf6 16. b4 Bxd4 17. Qxd4 Bb7 18. Rae1 Raf8 {[%cal Rf6f4]} 19. g3 Nb6 20. Re2 Nc4 21. Rfe1 Qc6 22. Nd1 Qe8 {[#]} ({Better is} 22... Nxa3 $14 23. Nf2 R6f7) 23. Nf2 $1 $16 h5 24. Nh3 {aiming for Ng5.} h4 $2 {[#]} (24... R8f7 $16 25. Ng5 Re7) 25. Ng5 $1 $18 {[%cal Rg5e6]} Qh5 $2 (25... Bc8 26. Nh7 Qd8 27. Nxf6+ Rxf6) 26. Nxe6 Rxe6 27. Rxe6 hxg3 28. hxg3 {Rg6 is the strong threat.} Nd2 {White must now prevent ...Nf3+.} 29. Bh7+ Qxh7 30. Qxd2 d4 {( -> ...Qh1+)} 31. Qh2 Qf5 32. Re7 Qd5 (32... Bc6 $142 33. Rc7 Be4) 33. R1e5 Qf3 {[#]} 34. Rxg7+ $3 {[%mdl 512] White mates.} Kxg7 35. Rg5+ Kf6 36. Qh6+ Ke7 37. Re5+ Kd7 38. Qg7+ {Precision: White = 62%, Black = 19%.} 1-0

[Event "3rd Sharjah Masters 2019"]
[Site "Sharjah"]
[Date "2019.03.23"]
[Round "2.16"]
[White "Sukandar, Irine Kharisma"]
[Black "Gupta, Abhijeet"]
[Result "0-1"]
[WhiteElo "2381"]
[BlackElo "2602"]
[Annotator "TA"]
[PlyCount "50"]
[EventDate "2019.03.22"]
[EventType "swiss"]
[EventCountry "UAE"]
[SourceTitle "playchess.com"]
[Source "ChessBase"]
[SourceQuality "1"]

{[%evp 22,50,0,0,0,0,0,-1,0,0,14,-14,0,0,0,0,0,0,22,22,29,-6,-10,-59,-87,-150,-142,-220,-194,-641,-639]} 1. e4 e6 2. d4 d5 3. Nd2 c5 4. Ngf3 cxd4 5. Nxd4 Nc6 6. Nxc6 bxc6 7. Bd3 Nf6 8. Qe2 Be7 9. O-O O-O 10. b3 a5 {[%cal Ba7a5,Ba5a4][%mdl 32]} 11. Bb2 a4 12. c4 a3 {B40: Sicilian: 2...e6, Unusual lines} (12... Re8 13. f4 a3 14. Be5 Bc5+ 15. Kh1 Nd7 16. Rf3 Nxe5 17. fxe5 dxc4 18. Nxc4 Ra7 19. Raf1 g6 20. Nd6 {0-1 (66) Selbes,T (2260)-Can,E (2586) Kocaeli 2017}) 13. Be5 Nd7 14. Bc3 $146 ({Predecessor:} 14. Bg3 Nc5 15. Bc2 Ba6 16. Rad1 Qa5 17. f4 Qc3 18. Bb1 Qb2 19. exd5 cxd5 20. f5 dxc4 21. Be5 cxb3 {½-½ (21) Pena,A (2286)-Flores Rios,M (2332) Cuenca 2006}) 14... Nc5 {The position is equal.} 15. exd5 cxd5 16. cxd5 exd5 17. Rfe1 (17. Qe5 $2 Bf6 $17) 17... Bf6 18. Rac1 $40 {[%mdl 128] Black must now prevent Bxf6. White mounts an attack.} Bxc3 19. Rxc3 Ne6 20. Nf3 g6 21. Bb5 Qa5 22. Rec1 d4 $1 {[%cal Rd4c3]} 23. R3c2 {[#]} ({White should try} 23. b4 Qxb4 24. Rb3) 23... Nf4 $1 $17 {[%cal Rf4e2]} 24. Qd2 {[#]} (24. Qe5 $17 {is a better defense.} d3 25. Nd4 dxc2 26. Nc6 Ne2+ 27. Qxe2) 24... d3 $1 $19 25. Rxc8 $2 (25. Bxd3 Nxd3 26. Qxd3) 25... Qxd2 {Accuracy: White = 38%, Black = 66%.} 0-1

[Event "3rd Sharjah Masters 2019"]
[Site "Sharjah"]
[Date "2019.03.23"]
[Round "2.17"]
[White "Pichot, Alan"]
[Black "Dhulipalla Bala Chandra Prasa"]
[Result "1/2-1/2"]
[WhiteElo "2584"]
[BlackElo "2384"]
[Annotator "TA"]
[PlyCount "123"]
[EventDate "2019.03.22"]
[EventType "swiss"]
[EventCountry "UAE"]
[SourceTitle "playchess.com"]
[Source "ChessBase"]
[SourceQuality "1"]

{[%evp 13,123,37,35,22,31,23,36,43,45,45,45,35,39,7,40,50,45,62,64,61,73,75,75,67,76,65,83,70,81,62,62,61,58,50,60,56,60,47,55,49,50,46,73,60,61,60,65,52,76,56,85,35,76,75,106,77,94,91,110,108,107,102,135,138,147,-239,-211,-232,-120,-124,-147,-137,-92,-225,-37,-27,0,-456,8,8,8,8,675,649,2535,0,0,-12,-12,-224,-224,-200,-206,-212,-12,-12,-12,-11,-12,-15,-15,-166,0,0,8,-61,0,0,8,8,8,0]} 1. c4 e5 2. Nc3 Bb4 3. Nd5 Bc5 4. b4 Bf8 5. Bb2 c6 6. Ne3 {A21: English Opening: 1...e5 2 Nc3} Bxb4 7. Bxe5 Nf6 {LiveBook: 6 Games} 8. g3 {White is slightly better.} O-O 9. Bg2 Qe7 $146 ({Predecessor:} 9... Re8 10. Nf3 d6 11. Bb2 Nbd7 12. O-O Ne5 {1-0 (34) Aronian,L (2793)-Anand,V (2786) Leuven 2017}) 10. Nf3 d6 11. Bb2 Ng4 12. Nc2 Ba5 13. h3 (13. O-O {seems wilder.} Na6 14. Ncd4 Bd7 15. Qc2 f5 16. e3) 13... Nf6 14. O-O Ne4 15. Ncd4 f5 16. d3 Nf6 17. e3 Na6 18. Rb1 Bd7 19. Ne2 Bb6 20. Ba3 Rad8 21. Nc3 Bc8 22. Qc2 Nc5 23. Nd2 Ne6 24. Ne2 Qf7 25. Nf3 Rfe8 26. Bb2 h6 27. Bc3 Rf8 28. a4 Bc7 29. Nf4 Nc5 30. d4 {[%cal Bd3d4,Bd4d5][%mdl 32]} Nce4 31. d5 c5 32. Ba1 b6 33. Nd2 Rde8 34. Nxe4 Nxe4 35. Bf3 $1 g6 36. h4 Kh7 37. Kg2 Rg8 38. Rh1 Bd8 39. g4 $2 {[%mdl 8192]} (39. a5 $16) 39... fxg4 $19 40. Be2 {[#]} g5 (40... g3 $1 $19 {[%mdl 512]} 41. f3 (41. fxg3 Nxg3) 41... Nf2) 41. hxg5 $17 Bxg5 42. Bd3 {With the idea a5.} Bf5 43. a5 (43. Ne6 $17 {might work better.} Rxe6 44. dxe6 Qxe6 45. a5) 43... Bxf4 $2 (43... bxa5 44. Ne6 $11) ({Black should try} 43... Bg6 $1 $19 44. Nxg6 (44. axb6 $2 Bxf4 45. exf4 Qxf4 $19) 44... Qf3+ 45. Kg1 Rxg6) 44. exf4 $15 Bg6 $1 45. axb6 $2 {[%mdl 8192]} (45. Qc1 $1 $11) 45... axb6 $2 (45... Qxf4 $19 46. bxa7 Qf3+ 47. Kg1 Re7) 46. Rxb6 $11 {Re1 is the strong threat.} Re7 $1 $36 {[%mdl 2048] Black is pushing.} 47. Qc1 {aiming for f5!} h5 $2 {[%mdl 8192] [#]} (47... Bf5 $11) 48. Rxd6 $1 $18 {[%mdl 512]} Rf8 {[#]} (48... Nxd6 49. Rxh5#) 49. Qe3 $2 (49. Rxh5+ $1 $18 {[%mdl 512]} Bxh5 50. Bxe4+ Rxe4 51. f5 $1 {[%mdl 512]}) 49... Qxf4 $11 ({Inferior is} 49... Nxd6 50. Rxh5+ Kg8 51. Rh8#) 50. Rxg6 Kxg6 51. Re1 $2 (51. Qxf4 $11 {and White stays safe.} Rxf4 52. d6) 51... Qxe3 $19 ({Don't do} 51... Qxf2+ 52. Qxf2 Rxf2+ 53. Kg1 $15) 52. Rxe3 Rxf2+ 53. Kg1 Ra2 $2 (53... Rf4 54. d6 $16) (53... Rd2 $1 $19 {[%cal Rd2d1]} 54. d6 Rxd3 $1 {[%mdl 512]} 55. Rxd3 Rd7) 54. Rxe4 $11 Rxe4 55. Bxe4+ Kg5 56. Bg7 Re2 57. Bg2 $2 {[#]} (57. Bd3 $11 Rd2 58. Bf1) 57... Rd2 $2 ({Better is} 57... h4 $1 $19 {[%cal Rh4h3]} 58. Bc3 Kf5) 58. Be5 Rd1+ 59. Kh2 (59. Kf2 $11 Rd2+ 60. Kf1) 59... Rd2 (59... h4 $1 $15 60. Bd6 Rd2 61. Be7+ (61. Bxc5 $2 Kf5 $19) 61... Kh5) 60. Kg1 {Threatens to win with d6.The position is equal.} Rd1+ 61. Kf2 {Hoping for d6.} Rd2+ 62. Kg1 {Precision: White = 47%, Black = 38%.} 1/2-1/2

[Event "3rd Sharjah Masters 2019"]
[Site "Sharjah"]
[Date "2019.03.23"]
[Round "2.18"]
[White "Boudriga, Mohamed Ali"]
[Black "Nihal, Sarin"]
[Result "0-1"]
[WhiteElo "2369"]
[BlackElo "2578"]
[Annotator "TA"]
[PlyCount "60"]
[EventDate "2019.03.22"]
[EventType "swiss"]
[EventCountry "UAE"]
[SourceTitle "playchess.com"]
[Source "ChessBase"]
[SourceQuality "1"]

{[%evp 16,60,22,22,25,23,16,-7,-6,-7,-7,-8,-10,-8,12,18,12,11,13,16,14,6,13,0,18,16,14,15,33,-4,27,17,46,38,45,0,54,16,0,-4,0,-185,-160,-304,-286,-579,-568]} 1. e4 c5 2. Nf3 Nc6 3. Bb5 g6 4. Bxc6 dxc6 5. d3 Bg7 6. h3 Nf6 7. Nc3 {[%cal Bb1c3,Bc3e2,Be2c1,Bc1b3][%mdl 32]} Nd7 8. Be3 e5 9. Qd2 h6 {B31: Sicilian: 2...Nc6 3 Bb5 g6} 10. a3 (10. O-O b6 11. a3 Nf8 12. b4 Ne6 13. bxc5 f5 14. exf5 gxf5 15. Qe1 O-O 16. Rb1 e4 17. dxe4 {0-1 (36) Wang,H (2730)-Carlsen,M (2835) St Petersburg 2018}) 10... b6 11. Ne2 $146 ({Predecessor:} 11. O-O Qe7 12. Rab1 a5 13. Rfe1 Ba6 14. Na4 Bb5 15. Nc3 {1-0 (60) Nevednichy,V (2559)-Krumpacnik,D (2364) Cannes 2005}) 11... f5 {The position is equal.} 12. Qc3 Qe7 13. b4 O-O 14. bxc5 bxc5 15. Nc1 f4 16. Bd2 Rb8 17. Nb3 Ba6 18. Bc1 {[#]} c4 $1 {[%mdl 512]} 19. dxc4 g5 20. a4 {[%cal Ba3a4,Ba4a5][%mdl 32]} c5 21. Ba3 Rfc8 22. Nfd2 Rb6 23. O-O-O Bb7 24. a5 Rd6 {[%cal Bb6d6,Bd6d4,Bd4a4][%mdl 32]} 25. f3 Qe6 ({Black should play} 25... Ba6 $11) 26. Nb1 Rd4 $1 27. Qb2 Ba6 28. c3 $2 (28. N3d2 $11) 28... Bxc4 $19 29. N1d2 {[#]} (29. cxd4 $17 cxd4 30. Na1) 29... Bd3 $1 30. Rde1 $2 (30. c4 Rxc4+ 31. Nxc4 Qxc4+ 32. Kd2) 30... Ra4 {Accuracy: White = 49%, Black = 66%.} 0-1